Introdutory welding metallurgy / (Record no. 190841)
[ view plain ]
| 000 -LEADER | |
|---|---|
| fixed length control field | 00642 a2200169 4500 |
| 003 - CONTROL NUMBER IDENTIFIER | |
| control field | Nust |
| 005 - DATE AND TIME OF LATEST TRANSACTION | |
| control field | 20230119121047.0 |
| 040 ## - CATALOGING SOURCE | |
| Transcribing agency | Nust |
| 082 ## - DEWEY DECIMAL CLASSIFICATION NUMBER | |
| Classification number | 671.52,AME |
| 100 ## - MAIN ENTRY--PERSONAL NAME | |
| Personal name | L.Phillips, Artbur |
| 9 (RLIN) | 107074 |
| 245 ## - TITLE STATEMENT | |
| Title | Introdutory welding metallurgy / |
| Statement of responsibility, etc. | Artbur L.Phillips |
| 260 ## - PUBLICATION, DISTRIBUTION, ETC. | |
| Place of publication, distribution, etc. | American welding society |
| Name of publisher, distributor, etc. | New York |
| Date of publication, distribution, etc. | 1968 |
| 300 ## - PHYSICAL DESCRIPTION | |
| Extent | 152 p |
| 505 ## - FORMATTED CONTENTS NOTE | |
| Formatted contents note | Welding Processes (Page-2), Introduction to Metallurgy (Page-22), Stresses,Stress Relief and Annealing (Page-43), Precipitation Hardening and Reactive Metals (Page-52), Introduction to Metallurgy and Weldability of Steel (Page-78). |
| 650 ## - SUBJECT ADDED ENTRY--TOPICAL TERM | |
| Topical term or geographic name entry element | Welding |
| 9 (RLIN) | 189 |
| 942 ## - ADDED ENTRY ELEMENTS (KOHA) | |
| Source of classification or shelving scheme | |
| Koha item type | Book |
| Withdrawn status | Lost status | Source of classification or shelving scheme | Damaged status | Not for loan | Permanent Location | Current Location | Shelving location | Date acquired | Full call number | Barcode | Date last seen | Price effective from | Koha item type | Public note |
|---|---|---|---|---|---|---|---|---|---|---|---|---|---|---|
| Military College of Signals (MCS) | Military College of Signals (MCS) | General Stacks | 12/12/2016 | 671.52,AME | MCS6299 | 12/08/2016 | 12/12/2016 | Book | Amirah No.55, Shelf No.5 |
